Ekonomické a sociální postoje studentů vysokých škol v Jihomoravském kraji k imigrační politice a integraci migrantů
Identifikácia postojov vysokoškolských študentov ekonomických odborov v Juhomoravskom kraji k imigračnej politike a k integrácii imigrantov, včetne utečencov s využitím vlastného dotazníkového prieskumu. Iba pätina respondentov je presvedčená, že česká vláda robí dobrú imigračnú politiku v súlade s...
Saved in:
| Main Author: | |
|---|---|
| Format: | Book Chapter |
| Language: | Czech |
| Subjects: | |
| Tags: |
No Tags, Be the first to tag this record!
|
MARC
| LEADER | 00000nla a2200000 4500 | ||
|---|---|---|---|
| 001 | 0247084 | ||
| 005 | 20240417075144.0 | ||
| 041 | 0 | |a cze | |
| 044 | |a CZ | ||
| 245 | 1 | 0 | |a Ekonomické a sociální postoje studentů vysokých škol v Jihomoravském kraji k imigrační politice a integraci migrantů |c Milan Palát |
| 520 | |a Identifikácia postojov vysokoškolských študentov ekonomických odborov v Juhomoravskom kraji k imigračnej politike a k integrácii imigrantov, včetne utečencov s využitím vlastného dotazníkového prieskumu. Iba pätina respondentov je presvedčená, že česká vláda robí dobrú imigračnú politiku v súlade s potrebami krajiny a štyri pätiny dotazovaných si myslí, že táto politika by mala byť viac konzultovaná s verejnosťou. Medzi respondentmi panujú vysoké obavy o integrácii utečencov v ČR, ktorú považujú za veľmi problematickú a obtiažnu. | ||
| 610 | 2 | 0 | |a migrácia |
| 610 | 2 | 0 | |a migrácia nelegálna |
| 610 | 2 | 0 | |a imigrácia |
| 610 | 2 | 0 | |a utečenci |
| 610 | 2 | 0 | |a študenti |
| 610 | 2 | 0 | |a školy vysoké |
| 610 | 2 | 0 | |a prieskum |
| 610 | 2 | 0 | |a Česko |
| 610 | 2 | 0 | |a politika migračná |
| 100 | 1 | |a Palát, Milan | |